A treatise on the law of agency : (Record no. 10223)
[ view plain ]
| 000 -LEADER | |
|---|---|
| fixed length control field | 00888cam a22002891a 4500 |
| 001 - CONTROL NUMBER | |
| control field | 10223 |
| 003 - CONTROL NUMBER IDENTIFIER | |
| rucl marc code | BD-RjUL |
| 005 - DATE AND TIME OF LATEST TRANSACTION | |
| control field | 20211208234921.0 |
| 008 - FIXED-LENGTH DATA ELEMENTS--GENERAL INFORMATION | |
| fixed length control field | 140123s1961 ii 001 0 eng d |
| 035 ## - SYSTEM CONTROL NUMBER | |
| System control number | (BD-RjUL)10271 |
| System control number | (OCoLC)29197460 |
| 040 ## - CATALOGING SOURCE | |
| Original cataloging agency | DLC |
| Transcribing agency | NcD-L |
| Modifying agency | DLC |
| -- | (BD-RjUL) |
| Language of cataloging | eng |
| 041 ## - LANGUAGE CODE | |
| Language code of text/sound track or separate title | eng |
| 082 ## - DEWEY DECIMAL CLASSIFICATION NUMBER | |
| Edition number | 20 |
| Classification number | 346.029 |
| Author mark and year | KAT 1961 |
| 100 1# - MAIN ENTRY--PERSONAL NAME | |
| Personal name | Katiar, Brinda Ban. |
| 9 (RLIN) | 31589 |
| 245 12 - TITLE STATEMENT | |
| Title | A treatise on the law of agency : |
| Remainder of title | containing an exhaustive exposition of the subject / |
| Statement of responsibility, etc. | Brinda Ban Katiar. |
| 250 ## - EDITION STATEMENT | |
| Edition statement | 2nd ed. / |
| 260 ## - PUBLICATION, DISTRIBUTION, ETC. (IMPRINT) | |
| Place of publication, distribution, etc. | Allahabad : |
| Name of publisher, distributor, etc. | Law Publishers , |
| Date of publication, distribution, etc. | 1961. |
| 300 ## - PHYSICAL DESCRIPTION | |
| Pagination | iii, 1144 p. ; |
| Size | 26 cm. |
| 500 ## - GENERAL NOTE | |
| General note | Includes index. |
| 650 #0 - SUBJECT ADDED ENTRY--TOPICAL TERM | |
| Topical term or geographic name as entry element | Agency (Law) |
| Geographic subdivision | India. |
| 9 (RLIN) | 17722 |
| 700 1# - ADDED ENTRY--PERSONAL NAME | |
| Personal name | Singhal, Janki Prasad |
| Personal name | sulaiman, Shah Mohammad |
| 942 ## - ADDED ENTRY ELEMENTS (KOHA) | |
| Source of classification or shelving scheme | Dewey Decimal Classification |
| Koha item type | Books |
| Lost status | Source of classification or shelving scheme | Damaged status | Not for loan | Collection code | Permanent Location | Current Location | Shelving location | Date acquired | Source of acquisition | Cost, normal purchase price | Total Checkouts | Full call number | Date last seen | Copy number | Koha item type |
|---|---|---|---|---|---|---|---|---|---|---|---|---|---|---|---|
| Dewey Decimal Classification | Non-fiction | Central Library, University of Rajshahi | Central Library, University of Rajshahi | Reading Room | 28/05/1964 | Pak. law house | 35.00 | 346.029 KAT 1961 | 23/01/2014 | C-1 | Books |